VECTOR ANALYSIS for undergraduate students of mathematicss, physics and engineering) (Record no. 5573)

MARC details
000 -LEADER
fixed length control field 00459nam a22001577a 4500
005 - DATE AND TIME OF LATEST TRANSACTION
control field 20211127112830.0
008 - FIXED-LENGTH DATA ELEMENTS--GENERAL INFORMATION
fixed length control field 170916b xxu||||| |||| 00| 0 eng d
020 ## - INTERNATIONAL STANDARD BOOK NUMBER
ISBN 978-93-834-1969-4
041 ## - LANGUAGE CODE
Language code of text/sound track or separate title eng
082 ## - DEWEY DECIMAL CLASSIFICATION NUMBER
Classification number 515.63
100 ## - MAIN ENTRY--AUTHOR NAME
Personal name DURAIPANDIAN, P. AND PACHAIYAPPA, KAYALAL
245 ## - TITLE STATEMENT
Title VECTOR ANALYSIS for undergraduate students of mathematicss, physics and engineering)
260 ## - PUBLICATION, DISTRIBUTION, ETC. (IMPRINT)
Place of publication NEW DELHI
Name of publisher S.CHAND
Year of publication 2014
300 ## - PHYSICAL DESCRIPTION
Number of Pages 184p.
942 ## - ADDED ENTRY ELEMENTS (KOHA)
Koha item type Books
Holdings
Lost status Damaged status Collection code Home library Current library Shelving location Date acquired Source of acquisition Cost, normal purchase price Full call number Accession Number Koha item type
    CS/IT JRU Library JRU Library SHELF-57-E 16/09/2017 PURCHESS 175.00 515.63 21933 Books
      JRU Library   SHELF-6-A 16/09/2017 PURCHESS 175.00 515.63 21934 Books
    CS/IT JRU Library JRU Library SHELF-57-E 16/09/2017 PURCHESS 175.00 515.63 21935 Books
    CS/IT JRU Library JRU Library SHELF-57-E 16/09/2017 PURCHESS 175.00 515.63 21936 Books
    CS/IT JRU Library JRU Library SHELF-57-E 16/09/2017 PURCHESS 175.00 515.63 21937 Books